[Event "Titled Tuesday intern op 13th Feb Early"]
[Site "Chess.com INT"]
[Date "2024.02.13"]
[Round "4"]
[White "Nagare, Kaivalya Sandip"]
[Black "Velavaa, Ragavesh"]
[Result "1-0"]
[WhiteElo "2074"]
[BlackElo "1972"]
[PlyCount "53"]
[EventDate "2024.02.13"]
[EventType "swiss (blitz)"]
[EventRounds "11"]
[EventCountry "USA"]
[SourceTitle "CB08_2024"]
[SourceDate "2024.02.21"]
[SourceVersion "1"]
[SourceVersionDate "2024.02.21"]
[SourceQuality "1"]

1. e4 c5 2. Nf3 a6 3. Nc3 Nc6 4. a4 e6 5. g3 g6 6. h4 Bg7 7. h5 Nge7 8. h6 Bf6 9. e5 Bxe5 10. Nxe5 Nxe5 11. Ne4 d5 12. Nxc5 b6 13. Nd3 Nxd3+ 14. Bxd3 Bb7 15. Qe2 Qc7 16. b3 0-0-0 17. Bxa6 Qxc2 18. Ba3 Bxa6 19. Qxa6+ Kb8 20. Qxb6+ Ka8 21. 0-0 Nc8 22. Qa5+ Na7 23. Rfc1 Qxb3 24. Rc7 Qb8 25. Bc5 Rc8 26. Rxa7+ Qxa7 27. Qxa7# 1-0

[Event "Asia-ch Amateur"]
[Site "Dubai"]
[Date "2023.09.01"]
[Round "7"]
[White "Velavaa, Ragavesh"]
[Black "Sharma, Pankaj1111"]
[Result "1-0"]
[WhiteElo "1824"]
[BlackElo "1733"]
[PlyCount "65"]
[EventDate "2023.08.28"]
[EventType "swiss"]
[EventRounds "9"]
[EventCountry "UAE"]
[SourceTitle "EXT 2024"]
[Source "ChessBase"]
[SourceDate "2023.10.10"]
[SourceVersion "1"]
[SourceVersionDate "2023.10.10"]
[SourceQuality "1"]

1. e4 c5 2. Nf3 e6 3. g3 a6 4. Bg2 b5 5. d4 cxd4 6. Nxd4 Bb7 7. 0-0 Nf6 8. Bg5 Qc7 9. Re1 d6 10. Nd2 Nc6 11. N2f3 Be7 12. Rc1 h6 13. Bxf6 Bxf6 14. c4 Nxd4 15. Nxd4 Qb6 16. Nb3 0-0 17. e5 Bxg2 18. exf6 Bb7 19. Qg4 g6 20. Nd4 h5 21. Qf4 Kh7 22. Nf3 Bxf3 23. Qxf3 Rac8 24. Re4 Rc5 25. Qe3 Rfc8 26. b4 R5c6 27. c5 dxc5 28. Re5 Qd8 29. Qf3 Qf8 30. Qe4 Qh6 31. Rc3 c4 32. g4 Rd6 33. Rxh5 1-0

[Event "Dubai op-B 23rd"]
[Site "Dubai"]
[Date "2023.05.29"]
[Round "3"]
[White "Velavaa, Ragavesh"]
[Black "Al Blooshi, Hamad Essa"]
[Result "1-0"]
[WhiteElo "1625"]
[BlackElo "1568"]
[PlyCount "65"]
[EventDate "2023.05.27"]
[EventType "swiss"]
[EventRounds "9"]
[EventCountry "UAE"]
[SourceTitle "CBM 214 Extra"]
[Source "ChessBase"]
[SourceDate "2023.07.31"]
[SourceVersion "1"]
[SourceVersionDate "2023.07.31"]
[SourceQuality "1"]

1. e4 e6 2. d4 d5 3. exd5 exd5 4. Nf3 Bd6 5. c4 dxc4 6. Bxc4 Ne7 7. 0-0 0-0 8. h3 Bf5 9. Nc3 Nbc6 10. Re1 a6 11. a3 Qd7 12. Be3 Ng6 13. g4 Bxg4 14. hxg4 Qxg4+ 15. Kf1 Nf4 16. Bxf4 Qh3+ 17. Kg1 Bxf4 18. Re4 Qg4+ 19. Kf1 Qh3+ 20. Ke2 Rfe8 21. Qd3 Qh5 22. Rg1 Rad8 23. Kf1 Qh3+ 24. Rg2 Rxe4 25. Qxe4 Bh6 26. Kg1 Kf8 27. Nd5 f5 28. Qd3 b5 29. Bb3 Nxd4 30. Rg3 Nxf3+ 31. Qxf3 Qh4 32. Qxf5+ Kg8 33. Nf6+ 1-0

[Event "IND-ch U13 35th"]
[Site "Puducherry"]
[Date "2022.12.11"]
[Round "1"]
[White "Hrishikesh, Ganapathy Subramani"]
[Black "Velavaa, Ragavesh"]
[Result "0-1"]
[WhiteElo "1202"]
[BlackElo "1817"]
[PlyCount "114"]
[EventDate "2022.12.11"]
[EventType "swiss"]
[EventRounds "11"]
[EventCountry "IND"]
[SourceTitle "EXT 2024"]
[Source "ChessBase"]
[SourceDate "2023.10.10"]
[SourceVersion "1"]
[SourceVersionDate "2023.10.10"]
[SourceQuality "1"]

1. e4 c5 2. Nf3 a6 3. d4 cxd4 4. Nxd4 Nf6 5. Nc3 e5 6. Nb3 Bb4 7. f3 0-0 8. Bg5 h6 9. Bh4 Nc6 10. Bc4 Na5 11. Qd3 Nxc4 12. Qxc4 Bxc3+ 13. Qxc3 Nxe4 14. Bxd8 Nxc3 15. Ba5 Nd5 16. 0-0-0 Ne3 17. Rde1 Nxg2 18. Rxe5 Nf4 19. Bb4 Rd8 20. Ba5 Ng6 21. Re2 Rf8 22. Bb4 d6 23. Bxd6 Rd8 24. Rd1 Bf5 25. Nc5 b6 26. Ne4 Nh4 27. Ng3 Be6 28. Re3 Rd7 29. f4 Rc8 30. b3 b5 31. Ne4 Bf5 32. Rd2 Nf3 33. Rd5 Bxe4 34. Rxe4 Rcd8 35. Re3 Nxh2 36. Red3 Ng4 37. c4 Nf6 38. R5d4 bxc4 39. bxc4 Ne4 40. Be5 Rxd4 41. Rxd4 Rxd4 42. Bxd4 g5 43. fxg5 hxg5 44. c5 Kf8 45. Kc2 Ke7 46. Kd3 f5 47. Kc4 Ke6 48. a4 g4 49. Be3 g3 50. Kd4 g2 51. Bg1 Ng5 52. Ke3 Nh3 53. Bf2 Nxf2 54. Kxf2 Kd5 55. Kxg2 Kxc5 56. Kf3 Kb4 57. Kf4 Kxa4 0-1

[Event "IND-ch U13 35th"]
[Site "Puducherry"]
[Date "2022.12.11"]
[Round "2"]
[White "Velavaa, Ragavesh"]
[Black "Vishwajit, S."]
[Result "0-1"]
[WhiteElo "1817"]
[BlackElo "1384"]
[PlyCount "100"]
[EventDate "2022.12.11"]
[EventType "swiss"]
[EventRounds "11"]
[EventCountry "IND"]
[SourceTitle "EXT 2024"]
[Source "ChessBase"]
[SourceDate "2023.10.10"]
[SourceVersion "1"]
[SourceVersionDate "2023.10.10"]
[SourceQuality "1"]

1. e4 e6 2. d4 d5 3. exd5 exd5 4. Nf3 Bg4 5. Be3 Nf6 6. Nbd2 Bd6 7. Be2 Nbd7 8. 0-0 0-0 9. c4 c6 10. Qc2 Rc8 11. c5 Bb8 12. Bd3 Bh5 13. Bg5 Bg6 14. Bxg6 hxg6 15. Rfe1 Qc7 16. Re7 Rce8 17. Rae1 Rxe7 18. Rxe7 Qd8 19. Re2 Re8 20. Qd3 a5 21. Rxe8+ Qxe8 22. Qb3 Qc8 23. Qa4 Bc7 24. Nb3 Ne4 25. Bd2 b5 26. cxb6 Nxb6 27. Qxa5 Nc4 28. Qb4 Nxb2 29. Nc5 Nxc5 30. Qxc5 Nc4 31. Bc3 Qb7 32. Qb4 Qa7 33. Qb3 Bb6 34. h4 Nd6 35. Bb2 Nf5 36. Qb4 Bd8 37. Ne5 Bxh4 38. Nxc6 Qxa2 39. g3 Qb1+ 40. Kg2 Qe4+ 41. Kg1 Bf6 42. Qb7 Qe1+ 43. Kg2 Qe2 44. Qb3 Bg5 45. Kg1 Ne3 46. fxe3 Bxe3+ 47. Kh1 Qf1+ 48. Kh2 Qg1+ 49. Kh3 Qh1+ 50. Kg4 Qh5# 0-1

[Event "IND-ch U15 47th"]
[Site "New Delhi"]
[Date "2022.11.28"]
[Round "1"]
[White "Velavaa, Ragavesh"]
[Black "Kshaunish, Prakash Jaiswal"]
[Result "1/2-1/2"]
[WhiteElo "1817"]
[BlackElo "1250"]
[PlyCount "85"]
[EventDate "2022.11.28"]
[EventType "swiss"]
[EventRounds "11"]
[EventCountry "IND"]
[SourceTitle "CBM 211 Extra"]
[Source "ChessBase"]
[SourceDate "2023.01.31"]
[SourceVersion "1"]
[SourceVersionDate "2023.01.31"]
[SourceQuality "1"]

1. e4 c6 2. d4 d5 3. exd5 cxd5 4. Bd3 Nc6 5. Nf3 Nf6 6. h3 e6 7. 0-0 Bd6 8. c3 h6 9. Re1 Qc7 10. Qe2 0-0 11. Nbd2 Re8 12. Ne5 Nd7 13. f4 f5 14. Qh5 Nf6 15. Qg6 Rf8 16. Qg3 Bxe5 17. fxe5 Nh5 18. Qh4 Qf7 19. Be2 g6 20. Bxh5 gxh5 21. Qf4 Kh7 22. Nf3 Qg7 23. Nh4 Rg8 24. Re3 Qg5 25. Qf2 Bd7 26. Rf3 Qg7 27. Bf4 Ne7 28. Rf1 Bb5 29. Re1 Ng6 30. Rg3 Qf7 31. Rf3 Rg7 32. Ree3 Rag8 33. Nxg6 Rxg6 34. Rg3 h4 35. Rxg6 Qxg6 36. Qd2 Qh5 37. b3 a5 38. Qc2 Ba6 39. Qf2 Qd1+ 40. Re1 Qh5 41. Re3 Qd1+ 42. Re1 Qh5 43. Re3 1/2-1/2

[Event "Asia-ch Amateur"]
[Site "Muscat"]
[Date "2022.10.04"]
[Round "8"]
[White "Dadabaev, Janybek"]
[Black "Velavaa, Ragavesh"]
[Result "1-0"]
[WhiteElo "1902"]
[BlackElo "1698"]
[PlyCount "249"]
[EventDate "2022.09.29"]
[EventType "swiss"]
[EventRounds "9"]
[EventCountry "OMN"]
[SourceTitle "CBM 210 Extra"]
[Source "ChessBase"]
[SourceDate "2022.11.30"]
[SourceVersion "1"]
[SourceVersionDate "2022.11.30"]
[SourceQuality "1"]

1. d4 f5 2. c4 e6 3. Nf3 Nf6 4. g3 Be7 5. Bg2 0-0 6. Nc3 d6 7. 0-0 Ne4 8. Qc2 Nxc3 9. bxc3 Nc6 10. d5 Na5 11. Qa4 b6 12. Rd1 e5 13. Nxe5 Bf6 14. Nd3 Bxc3 15. Rb1 Qe8 16. Qc2 Bf6 17. Bd2 Nb7 18. Re1 Nc5 19. Nxc5 bxc5 20. h4 Qg6 21. Qa4 f4 22. Bxf4 Bxh4 23. Qc6 Rxf4 24. Qxa8 Rf8 25. Rb8 Qf5 26. Rf1 Bf6 27. Qxa7 Qd7 28. Qa5 h5 29. Qb5 Qg4 30. Bf3 Qh3 31. Bg2 Qg4 32. Bf3 Qh3 33. Qb1 h4 34. Bg2 Qg4 35. Qe4 Qxe4 36. Bxe4 hxg3 37. e3 Bg5 38. f4 Bf6 39. Rf3 Bh4 40. a4 Kf7 41. a5 g2 42. f5 Be1 43. a6 Bxa6 44. Rxf8+ Kxf8 45. Bd3 Bc3 46. Kxg2 Bf6 47. Rf1 Ke7 48. Kf3 Bc8 49. Rh1 Bd7 50. Bc2 Be8 51. Rb1 Bh5+ 52. Ke4 Be8 53. Rb8 g6 54. Bd1 gxf5+ 55. Kxf5 Bd7+ 56. Ke4 Be5 57. Bh5 c6 58. Rb7 Kd8 59. Bf7 Bh3 60. Be6 cxd5+ 61. Kxd5 Bf1 62. e4 Bd3 63. Rb3 Bc2 64. Rb8+ Ke7 65. Rb7+ Kd8 66. Bf5 Ba4 67. Ra7 Bb3 68. Ra3 Bd1 69. Kc6 Be2 70. Be6 Bh5 71. Ra7 Bf3 72. Bd5 Bh5 73. Ra8+ Ke7 74. Ra3 Bg4 75. Ra7+ Kd8 76. Rf7 Bh3 77. Rh7 Bg4 78. Rh4 Bc8 79. Rh6 Bd7+ 80. Kb6 Bg4 81. Be6 Bf3 82. Bf5 Be2 83. Kb5 Bd3 84. Rh3 Bf1 85. Rh7 Bd3 86. Bg6 Be2 87. Bf7 Bd3 88. Bd5 Bc2 89. Rh5 Bf4 90. Rf5 Bg3 91. Kb6 Bd1 92. Rf1 Bc2 93. Rf3 Be5 94. Bc6 Bd1 95. Rf8+ Ke7 96. Re8+ Kf6 97. Bd5 Bg4 98. Kc7 Bh3 99. Rh8 Bg4 100. Rh7 Kg6 101. Rf7 Bh3 102. Rf8 Kg7 103. Rf7+ Kg6 104. Kc6 Bg2 105. Rf8 Bh3 106. Rd8 Kg7 107. Rxd6 Bxd6 108. Kxd6 Kf8 109. Bc6 Bf1 110. Bb5 Kf7 111. e5 Kg7 112. e6 Be2 113. e7 Bh5 114. e8Q Bxe8 115. Bxe8 Kf6 116. Kxc5 Ke7 117. Bh5 Kd8 118. Kd6 Kc8 119. c5 Kb8 120. Bg4 Ka7 121. c6 Ka8 122. c7 Kb7 123. c8Q+ Ka7 124. Qc5+ Ka6 125. Bc8# 1-0

[Event "Muscat Design Group op 1st"]
[Site "Muscat"]
[Date "2022.03.26"]
[Round "6"]
[White "Sushanth, Vaman Shetty"]
[Black "Velavaa, Ragavesh"]
[Result "1-0"]
[WhiteElo "1188"]
[BlackElo "1416"]
[PlyCount "99"]
[EventDate "2022.03.23"]
[EventType "swiss"]
[EventRounds "7"]
[EventCountry "OMN"]
[SourceTitle "EXT 2023"]
[Source "ChessBase"]
[SourceDate "2022.10.05"]
[SourceVersion "1"]
[SourceVersionDate "2022.10.05"]
[SourceQuality "1"]

1. e4 c5 2. c3 d5 3. exd5 Qxd5 4. Nf3 Bf5 5. d4 Nc6 6. Be3 Nf6 7. c4 Qd8 8. Nc3 e6 9. Be2 cxd4 10. Nxd4 Nxd4 11. Bxd4 a6 12. Bf3 Qc7 13. Bxf6 gxf6 14. Qa4+ Qd7 15. Qxd7+ Kxd7 16. Bxb7 Ra7 17. Be4 Bxe4 18. Nxe4 Bb4+ 19. Ke2 f5 20. Nd2 Ke7 21. Rac1 Bxd2 22. Kxd2 Rg8 23. Rhg1 Rg4 24. f3 Rd4+ 25. Ke2 Rc7 26. b3 Rd6 27. c5 Rd5 28. b4 a5 29. a3 f4 30. Rgd1 Re5+ 31. Kf1 f6 32. Rd4 f5 33. Rxf4 axb4 34. axb4 Ra7 35. Rfc4 Rb7 36. Rb1 Ra7 37. Rc2 Kd7 38. b5 Kc8 39. b6 Rg7 40. c6 Rd5 41. c7 Rxc7 42. bxc7 Kd7 43. c8Q+ Ke7 44. Rc7+ Kf6 45. Qh8+ Kg5 46. Rb4 Rd1+ 47. Kf2 h6 48. h4+ Kg6 49. Qg7+ Kh5 50. Qf7# 1-0

[Event "IND-ch U09 op 32nd"]
[Site "Ranchi"]
[Date "2018.09.17"]
[Round "4.8"]
[White "Ghadge, Harsh"]
[Black "Velavaa, Ragavesh"]
[Result "1-0"]
[WhiteElo "1215"]
[BlackElo "1336"]
[PlyCount "133"]
[EventDate "2018.09.15"]
[EventType "swiss"]
[EventRounds "11"]
[EventCountry "IND"]
[SourceTitle "EXT 2024"]
[Source "ChessBase"]
[SourceDate "2023.10.10"]
[SourceVersion "1"]
[SourceVersionDate "2023.10.10"]
[SourceQuality "1"]

1. d4 Nf6 2. c4 e6 3. Nf3 d5 4. Bg5 Be7 5. Nc3 Nc6 6. e3 0-0 7. Be2 Re8 8. 0-0 dxc4 9. Bxc4 Nd5 10. Bxe7 Ncxe7 11. Bxd5 exd5 12. Qb3 c6 13. Ne5 Qc7 14. Rac1 Qb6 15. Na4 Qxb3 16. axb3 Ng6 17. Nxg6 hxg6 18. Nc5 Rb8 19. Ra1 Ra8 20. Rfc1 Re7 21. b4 Kf8 22. Ra3 b6 23. Nd3 Rc7 24. Ne5 Bb7 25. b5 c5 26. dxc5 bxc5 27. Nd3 c4 28. Rac3 Rac8 29. Kf1 f6 30. b3 a6 31. bxa6 Bxa6 32. Ke1 Bb7 33. bxc4 Rxc4 34. Rxc4 dxc4 35. Nb2 c3 36. Na4 Bxg2 37. Nxc3 Kf7 38. Ne2 Rxc1+ 39. Nxc1 f5 40. Nd3 Be4 41. Nc5 Bd5 42. Kd2 g5 43. Kc3 Bf3 44. Kd4 Kg6 45. Ke5 Bg4 46. Ne6 Kh6 47. Nd4 g6 48. Kf6 Bh5 49. Ne6 Kh7 50. Kxg5 Kg8 51. Nf4 Bd1 52. Nxg6 Bc2 53. Ne7+ Kf7 54. Nxf5 Bd1 55. h4 Bb3 56. h5 Kg8 57. e4 Bf7 58. Nh6+ Kg7 59. Nxf7 Kxf7 60. h6 Kg8 61. e5 Kh7 62. e6 Kg8 63. e7 Kh7 64. f4 Kg8 65. e8Q+ Kh7 66. Qf7+ Kh8 67. Qg7# 1-0